| 000 | 01006nam a2200301 a 4500 | ||
|---|---|---|---|
| 001 | 85768 | ||
| 003 | BD-RjUL | ||
| 005 | 20250929124704.0 | ||
| 008 | 250929s2002 bg b 001 0 eng | ||
| 020 | _a9840515993 | ||
| 020 | _a9789840515998 | ||
| 035 | _a(BD-RjUL)85768 | ||
| 040 |
_aDLC _cDLC _beng _dBD-RjUL |
||
| 041 | _aeng | ||
| 082 |
_223 _a331.4095492 _bDAB 2002 |
||
| 100 | 1 |
_aDannecker, Petra. _917019 |
|
| 245 | 1 | 0 |
_aBetween conformity and resistance : _bwomen garment workers in Bangladesh / _cPetra Dannecker. |
| 260 |
_aDhaka : _bUniversity Press, _c2002. |
||
| 300 |
_avii, 293 p. ; _c22 cm. |
||
| 336 |
_atext _btxt _2rdacontent |
||
| 337 |
_aunmediated _bn _2rdamedia |
||
| 338 |
_avolume _bnc _2rdacarrier |
||
| 504 | _aIncludes bibliographical references (p. [259]-283) and index. | ||
| 650 | 0 |
_aWomen clothing workers _zBangladesh _xEconomic conditions. _93242 |
|
| 650 | 0 |
_aWomen clothing workers _zBangladesh _xSocial conditions. _93243 |
|
| 942 |
_2ddc _cBK |
||
| 999 |
_c85768 _d85768 |
||